Elementos de química / José Mañas Bonví
Publicado:
Barcelona :
Escuela Elemental del Trabajo de la Diputación Provincial de Barcelona. Sección Ediciones (E.E.T. Artes Gráficas) ,
1947
Descripción Física:
88 p. : il. ; 21 cm
Otros Autores:
Escola Elemental del Treball (Barcelona)
Materias:
Química
MARC
| LEADER | 00000nam a2200000Ia 4500 | ||
|---|---|---|---|
| 001 | 1999 | ||
| 008 | 160829s1947 xx 000 0 cat d | ||
| 080 | |a C-1-402 | ||
| 100 | |a Mañas Bonví, José |9 38069 | ||
| 245 | |a Elementos de química / José Mañas Bonví | ||
| 250 | |a Reed. | ||
| 260 | |a Barcelona : |b Escuela Elemental del Trabajo de la Diputación Provincial de Barcelona. Sección Ediciones (E.E.T. Artes Gráficas), |c 1947 | ||
| 300 | |a 88 p. : |b il. ; |c 21 cm | ||
| 650 | |a Química |9 30926 | ||
| 700 | |a Escola Elemental del Treball (Barcelona) |9 55345 | ||
| 901 | |a Arxiu | ||
| 942 | |n 1 | ||
| 952 | |0 0 |1 0 |4 0 |6 C1402 |7 1 |9 48236 |a Arxiu |b Arxiu |d 2016-12-01 |l 0 |o C-1-402 |p 1999 |r 2016-12-01 00:00:00 |w 2016-12-01 |y ARXIU | ||
| 999 | |c 52042 |d 52042 | ||